Makesi zhu yi yan jiu /

Saved in:
书目详细资料
主要作者: Yu, Xie.
格式: 图书
语言:Chinese
出版: Taibei : New York, N.Y., U.S.A. (41 Division St., New York 10002) : Zheng zhong shu ju ; zong jing xiao Hua qiang tu shu gong si, Min guo 70 [1981]
版:Tai chu ban.
标签: 添加标签
没有标签, 成为第一个标记此记录!
LEADER 00944cam a22002417a 4500
001 007735525-3
005 20024617103528.0
008 820308s1981 ch 000 0 chi
010 |a 82127404 
035 0 |a ocm17030902 
040 |a DLC  |c DLC  |d OCoLC  |d *YNH*  |d CStRLIN 
050 0 |a B3305.M74  |b Y88 1981 
100 1 |6 880-01  |a Yu, Xie. 
245 1 0 |6 880-02  |a Makesi zhu yi yan jiu /  |c Yu Xie zhu. 
250 |6 880-03  |a Tai chu ban. 
260 |6 880-04  |a Taibei :  |b Zheng zhong shu ju ;  |a New York, N.Y., U.S.A. (41 Division St., New York 10002) :  |b zong jing xiao Hua qiang tu shu gong si,  |c Min guo 70 [1981] 
300 |a 6, 12, 382 p. ;  |c 22 cm. 
880 1 |6 100-01  |a 俞諧. 
880 1 0 |6 245-02  |a 馬克斯主義研究 /  |c 俞諧著. 
880 |6 250-03  |a 台初版. 
880 |6 260-04  |a 台北 :  |b 正中書局 ;  |a New York, N.Y., U.S.A. (41 Division St., New York 10002) :  |b 總經銷華強圖書公司,  |c 民國70 [1981] 
988 |a 20021127 
906 |0 DLC